000 00314nam a2200121Ia 4500
008 240731s9999 xx 000 0 und d
022 _a1750-2985
245 0 _aJournal of Intervention and Statebuilding
260 _bRoutledge
856 _uhttps://www.tandfonline.com/loi/risb20
942 _2ddc
942 _cTFEJ
999 _c77885
_d77885
945 _a1
_bMadushi Gamage
_c1
_dMadushi Gamage